| 000 | 00469nam a22001817a 4500 | ||
|---|---|---|---|
| 999 |
_c4068 _d4025 |
||
| 008 | 200302b ||||| |||| 00| j eng d | ||
| 020 | _a9944916110 | ||
| 041 | _atur | ||
| 050 | _aPL248.T359 | ||
| 100 |
_91803 _aTaşdemir, Mehmet |
||
| 245 | _aKırk Hüzünlü Veda | ||
| 250 | _a1. Baskı | ||
| 260 |
_aİstanbul: _bAgora Kitaplığı, _cMart 2006 |
||
| 300 | _a118 Sayfa | ||
| 500 | _aTürkçe Edebiyat: 19 | ||
| 650 | 0 |
_9145 _aTürk Edebiyatı |
|
| 942 |
_2lcc _cBK |
||